{"text_format":"3","workbook":"xlsx","n_sheets":2,"sheets":["Payment Reconciliation","Balance sheet"],"read":"whole","date_system":"1900"}

{"sheet":"Payment Reconciliation","index":0,"n_rows":16,"n_cols":21,"rows_kept":16}
["Subcontractor:","Shourya Khewal Traders"]
["State:","Uttar Pradesh",{"$nulls":5},"Wifi"]
["District:","Shamli"]
["Block:","Shamli"]
["PMC_No","Invoice_Details","Invoice_Date","Invoice_No","Basic_Amount","Debit_Amount","After_Debit_Amount","GST_Amount","Amount","TDS_Amount","SD_Amount","GST_SD_Amount","Final_Amount","GRN No.","PAYMENT NOTE No.","Payment_Amount","TDS_Payment_Amount","SD (5%)","1st month TDS 10%","Total_Amount","UTR"]
[{"$nulls":7},{"v":0.18,"d":"18%"},null,{"v":0.01,"d":"1%"},{"v":0.05,"d":"5%"},{"v":0.18,"d":"18%"},{"$nulls":4},{"v":0.1,"d":"10%"},{"v":0.05,"d":"5%"}]
[58729,"Shourya Khewal Village Traders Wifi work","2023-07-29",109,{"v":3500,"d":"3,500.00"},0,{"$f":"E7-F7","v":{"v":3500,"d":"3,500.00"}},{"$f":"ROUND(G7*$H$6,)","v":{"v":630,"d":"630.00"}},{"$f":"G7+H7","v":{"v":4130,"d":"4,130.00"}},{"$f":"G7*J6","v":{"v":35,"d":"35.00"}},0,{"$f":"G7*L6","v":{"v":630,"d":"630.00"}},{"$f":"I7-SUM(J7:L7)","v":{"v":3465,"d":"3,465.00"}},1028,"RIUP23/1707",{"v":11210,"d":"11,210.00"},0,0,0,{"$f":"P7-Q7","v":{"v":11210,"d":"11,210.00"}},"28-08-2023IFT/IFT23240044115/RIUP23/1707/SHOURYA KHEWAL TRA 11210.00"]
[{"$nulls":5},0,{"$f":"E8-F8","v":0},0,{"$f":"G8+H8","v":0},0,0,0,{"$f":"I8-SUM(J8:L8)","v":0},1027,null,null,0,0,0,{"$f":"P8-Q8-R8-S8","v":0}]
[{"$nulls":5},0,{"$f":"E9-F9","v":0},{"$f":"ROUND(G9*$H$6,)","v":0},{"$f":"G9+H9","v":0},{"$f":"ROUND(G9*$J$6,)","v":0},0,0,{"$f":"I9-SUM(J9:L9)","v":0},1045,null,null,0,0,0,{"$f":"P9-Q9-R9-S9","v":0}]
[{"$nulls":5},0,{"$f":"E10-F10","v":0},0,{"$f":"G10+H10","v":0},{"$f":"ROUND(G10*$J$6,)","v":0},0,0,{"$f":"I10-SUM(J10:L10)","v":0},1048,{"$nulls":3},0,0,{"$f":"P10-Q10-R10-S10","v":0}]
[{"$nulls":5},0,{"$f":"E11-F11","v":0},0,{"$f":"G11+H11","v":0},{"$f":"ROUND(G11*$J$6,)","v":0},0,0,{"$f":"I11-SUM(J11:L11)","v":0},{"$nulls":3},0,0,0,{"$f":"P11-Q11-R11-S11","v":0}]
[{"$nulls":5},0,0,0,0,{"$f":"ROUND(G12*$J$6,)","v":0},0,0,{"$f":"I12-SUM(J12:L12)","v":0},{"$nulls":3},0,0,0,{"$f":"P12-Q12-R12-S12","v":0}]
[{"$nulls":5},0,{"$f":"E13-F13","v":0},0,{"$f":"G13+H13","v":0},0,0,0,0]
[{"$nulls":5},0,0,0,{"$f":"G14+H14","v":0},0,0,0,0,{"$nulls":6},0]
[{"$nulls":5},0,0,0,0,0,0,0,0,{"$nulls":3},0,null,null,0]
[{"$nulls":5},0,{"$f":"E16-F16","v":0},0,{"$f":"G16+H16","v":0},{"$f":"J$6*I16","v":0},0,0,0,{"$nulls":3},0,null,0,0]

{"sheet":"Balance sheet","index":1,"n_rows":25,"n_cols":12,"rows_kept":25}
[]
[]
["SR. No.","Material Discription","Size","Unit","Qty.","Rate","Amount","Balance Qty.","Tax Invoice NO.","Qty. Received","Tax Invoice NO.","Qty. Received"]
[null,"P.O. No. : SHAMLI/AIVA/FHTC MATERIAL/19629/2022-23 Date : 27-09-2022"]
[null,"PP SERVICE SADDLE WITH SS304 THREADED METAL INSERTION and SS 202 Hardware","200 mm SS202 Nut Bolt","Nos.",5000,185.21,{"$f":"F5*E5","v":{"v":926050,"d":"926,050"}},{"$f":"E5-J5-L5","v":0},"AEPL222320657",{"v":5000,"d":"5,000"},"AEPL222320651",0]
[null,"PP SERVICE SADDLE WITH SS304 THREADED METAL INSERTION and SS 202 Hardware","160 mm SS202 Nut Bolt","Nos.",5000,148.11,{"v":740550.0000000001,"d":"740,550"},{"$f":"E6-J6-L6","v":0},"AEPL222320657",0,"AEPL222320651",{"v":5000,"d":"5,000"}]
[null,"PP SERVICE SADDLE WITH SS304 THREADED METAL INSERTION and SS 202 Hardware","110 mm SS202 Nut Bolt","Nos.",5000,106.11,{"v":530550,"d":"530,550"},0,"AEPL222320657",{"v":5000,"d":"5,000"},"AEPL222320651",0]
[null,"Flow Control Valve (5 LPM)","1/2\"","Nos.",15000,125.11,{"v":1876650,"d":"1,876,650"},0,"AEPL222320657",0,"AEPL222320651",{"v":15000,"d":"15,000"}]
[null,"MDPE Female Threaded compression Adaptor with SS304 metal insert",null,"Nos.",15000,37.71,{"v":565650,"d":"565,650"},0,"AEPL222320657",0,"AEPL222320651",{"v":15000,"d":"15,000"}]
[null,"MDPE Single compression Female threaded Elbow with SS304 metal insert",null,"Nos.",15000,37.71,{"v":565650,"d":"565,650"},0,"AEPL222320657",0,"AEPL222320651",{"v":15000,"d":"15,000"}]
[{"$nulls":4},"Total Amount -","Rs.",{"$f":"SUM(G5:G10)","v":{"v":5205100,"d":"5,205,100"}}]
[{"$nulls":4},"GST 18%","Rs.",{"$f":"G11*18%","v":{"v":936918,"d":"936,918"}}]
[{"$nulls":4},"Total Amount including GST-","Rs.",{"$f":"SUM(G11:G12)","v":{"v":6142018,"d":"6,142,018"}}]
[]
[]
[null,"P.O. No. : SHAMLI/AIVA/MDPE (FHTC) FITTINGS/19864/2022-23 Date : 10-12-2022",{"$nulls":5},{"$f":"H3","v":"Balance Qty."}]
[null,"PP SERVICE SADDLE WITH SS304 THREADED METAL INSERTION","90 mm SS202 Nut Bolt","Nos.",5000,{"v":96.4,"d":"96.40"},{"$f":"F17*E17","v":{"v":482000,"d":"482,000"}},{"$f":"E17-J17-L17-N17","v":{"v":1000,"d":"1,000"}},"AEPL222320728",500,"AEPL222320760",{"v":3500,"d":"3,500"}]
[null,"PP SERVICE SADDLE WITH SS304 THREADED METAL INSERTION","75 mm SS202 Nut Bolt","Nos.",6737,70.69,{"$f":"F18*E18","v":{"v":476238.52999999997,"d":"476,239"}},{"$f":"E18-J18-L18-N18","v":{"v":5737,"d":"5,737"}},"AEPL222320728",300,"AEPL222320760",700]
[null,"PP SERVICE SADDLE WITH SS304 THREADED METAL INSERTION","63 mm SS202 Nut Bolt","Nos.",13475,66.99,{"$f":"F19*E19","v":{"v":902690.2499999999,"d":"902,690"}},{"$f":"E19-J19-L19-N19","v":{"v":12475,"d":"12,475"}},"AEPL222320728",200,"AEPL222320760",800]
[null,"Flow Control Valve (5 LPM)","1/2\"","Nos.",25212,125.11,{"$f":"F20*E20","v":{"v":3154273.32,"d":"3,154,273"}},{"$f":"E20-J20-L20-N20","v":{"v":21212,"d":"21,212"}},"AEPL222320728",500,"AEPL222320760",{"v":3500,"d":"3,500"}]
[null,"MDPE Female Threaded compression Adaptor with SS304 metal insert",null,"Nos.",25212,36.41,{"$f":"F21*E21","v":{"v":917968.9199999999,"d":"917,969"}},{"$f":"E21-J21-L21-N21","v":{"v":25212,"d":"25,212"}},"AEPL222320728",0,"AEPL222320760",0]
[null,"MDPE Single compression Female threaded Elbow with SS304 metal insert",null,"Nos.",25212,36.41,{"v":917968.9199999999,"d":"917,969"},{"v":14212,"d":"14,212"},"AEPL222320728",{"v":1000,"d":"1,000"},"AEPL222320760",{"v":10000,"d":"10,000"}]
[{"$nulls":4},"Total Amount -","Rs.",{"$f":"SUM(G17:G22)","v":{"v":6851139.9399999995,"d":"6,851,140"}}]
[{"$nulls":4},"GST 18%","Rs.",{"$f":"G23*18%","v":{"v":1233205.1892,"d":"1,233,205"}}]
[{"$nulls":4},"Total Amount including GST-","Rs.",{"$f":"SUM(G23:G24)","v":{"v":8084345.129199999,"d":"8,084,345"}}]